000 00307pab a2200133 454500
008 180718b82-3 xxu||||| |||| 00| 0 eng d
245 _aReflections on reform - CSRA 1978
260 _c82-3
300 _a6-37
362 _aWinter
650 _aCivil Service - U.S.A.
773 _aBureaucrat
909 _a5862
999 _c5862
_d5862